000 00404nam a2200169Ia 4500
008 230711s9999||||xx |||||||||||||| ||und||
020 _a978-93-58904-17-2
041 _aENG
082 _a535
_bBA-L
100 _aBaruah,G.D
245 0 _aLaser and non-linear optics
250 _a5th Ed.
260 _c2016
_aNew Delhi
_bPragati Parkashan Meerut
300 _a273p.
650 _aPhysics
942 _cBK
999 _c6164
_d6164